Diccionario escolar de la Real Academia Española

Na minha lista:
Detalhes bibliográficos
Autor Corporativo: Real Academia Española (Author)
Formato: Livro
Idioma:espanhol
Publicado em: Madrid Espasa Calpe 1996
Edição:1a. ed
Assuntos:
Tags: Adicionar Tag
Sem tags, seja o primeiro a adicionar uma tag!

MARC

LEADER 00000nam a2200000 a 4500
001 UCH7919
003 CL-VaPUC
008 091127e19960000SP |||||||||||||||||spa|d
020 |a 8423994112 
082 0 4 |a 463  |b REA  |2 21 
110 2 |a Real Academia Española  |e author  |9 544295 
245 1 0 |a Diccionario escolar de la Real Academia Española 
250 |a 1a. ed 
300 |a 1235 p 
942 |c BK 
945 |d 20091127 00:00:00  |a lazolas 
260 |a Madrid  |b Espasa Calpe  |c 1996 
650 0 |a Español  |9 255372 
650 0 |a Diccionarios  |9 256200 
583 |a last modification  |c 20091127 00:00:00  |k Rodrigo Vera 
999 |c 338227  |d 338225